000
00264nam a22001217a 4500
020
_a
9789380540610
082
_a
070.4
100
_a
R.Choudhary
245
_a
Elements of journalism
260
_a
New Delhi
_b
Centrum press
_c
2010.
300
_a
301p
942
_c
BK
999
_c
2764
_d
2764